Los fichajes más caros del fútbol - Nacidos en 1998 - Estadísticas

Estadísticas generales
  • Esta prueba ha sido intentada 46 veces
  • La puntuación promedio es 9 de 11
Estadísticas de respuestas
Coste (M €) Temporada Nacionalidad Último club Nuevo club Jugador % Correcto
180,00 2018-2019 Francia Mónaco PSG Kylian Mbappé
100%
68,00 2021-2022 Marruecos Inter PSG Achraf Hakimi
91%
64,00 2018-2019 Estados Unidos Borussia Dortmund Chelsea Christian Pulisic
91%
57,37 2022-2023 Argentina Ajax Manchester United Lisandro Martínez
87%
65,30 2022-2023 España Brighton Chelsea Marc Cucurella
84%
95,00 2023-2024 Francia Eintracht PSG Randal Kolo Muani
84%
50,00 2022-2023 Francia Sevilla FC FC Barcelona Jules Koundé
82%
77,50 2020-2021 Nigeria LOSC Lille Nápoles Victor Osimhen
82%
52,00 2022-2023 Argentina Atalanta Tottenham Cristian Romero
78%
50,00 2019-2020 Brasil Oporto Real Madrid Éder Militão
76%
62,00 2023-2024 Portugal Wolverhampton Manchester City Matheus Nunes
67%
No se encontraron pruebas coincidentes
Distribución de puntuación
Porcentaje de gente con cada puntuación
Porcentaje por número respondido
Historial de tus puntuaciones
No has intentado esta prueba.